[Event "Eastern Asia-ch U14"]
[Site "Tornelo INT"]
[Date "2021.10.31"]
[Round "7"]
[White "Sayak, Roy Chowdhury"]
[Black "Sayyam, Narang"]
[Result "0-1"]
[WhiteElo "1010"]
[BlackElo "1176"]
[PlyCount "150"]
[EventDate "2021.10.29"]
[EventType "swiss"]
[EventRounds "9"]
[EventCountry "NET"]
[SourceTitle "EXT 2023"]
[Source "ChessBase"]
[SourceDate "2022.10.05"]
[SourceVersion "1"]
[SourceVersionDate "2022.10.05"]
[SourceQuality "1"]

1. e4 c5 2. d4 cxd4 3. c3 dxc3 4. Nxc3 Nc6 5. Bc4 Nf6 6. Nf3 e6 7. 0-0 Bb4 8. Be3 Bxc3 9. bxc3 Nxe4 10. Qd3 d5 11. Bb3 0-0 12. Bc2 e5 13. Nd2 Bf5 14. Nxe4 Bxe4 15. Qd2 Bxc2 16. Qxc2 Qc7 17. Qf5 Rad8 18. f4 Ne7 19. Qg4 Qxc3 20. Bf2 exf4 21. Rad1 Ng6 22. Bd4 Qc6 23. Rxf4 Qe6 24. Qg3 f6 25. Rff1 b6 26. Rde1 Qd6 27. Qg4 Ne5 28. Qf5 Qd7 29. Bxe5 Qxf5 30. Rxf5 fxe5 31. Rfxe5 d4 32. Re7 Rf7 33. Re8+ Rxe8 34. Rxe8+ Rf8 35. Re7 Rd8 36. Re1 d3 37. Rd1 Kf7 38. Kf2 Kf6 39. Ke3 Ke5 40. Rxd3 Rxd3+ 41. Kxd3 Kd5 42. Kc3 a5 43. h3 h5 44. Kd3 b5 45. Kc3 Kc5 46. g4 hxg4 47. hxg4 a4 48. g5 b4+ 49. Kc2 Kc4 50. g6 b3+ 51. axb3+ axb3+ 52. Kb2 Kd5 53. Kxb3 Ke6 54. Kc3 Kf6 55. Kd3 Kxg6 56. Ke3 Kg5 57. Kf3 Kh4 58. Kg2 Kg4 59. Kf2 Kh3 60. Kg1 g5 61. Kh1 Kg3 62. Kg1 Kf3 63. Kf1 g4 64. Kg1 Kg3 65. Kf1 Kh2 66. Kf2 g3+ 67. Kf1 g2+ 68. Kf2 g1Q+ 69. Kf3 Qd4 70. Ke2 Qc3 71. Kf2 Qd3 72. Ke1 Qc2 73. Kf1 Kg3 74. Ke1 Kf3 75. Kf1 Qc1# 0-1

[Event "Eastern Asia-ch U14"]
[Site "Tornelo INT"]
[Date "2021.10.31"]
[Round "9"]
[White "Sayak, Roy Chowdhury"]
[Black "Weerasekara, Dinul Vinsitha"]
[Result "0-1"]
[WhiteElo "1010"]
[BlackElo "1192"]
[PlyCount "46"]
[EventDate "2021.10.29"]
[EventType "swiss"]
[EventRounds "9"]
[EventCountry "NET"]
[SourceTitle "EXT 2023"]
[Source "ChessBase"]
[SourceDate "2022.10.05"]
[SourceVersion "1"]
[SourceVersionDate "2022.10.05"]
[SourceQuality "1"]

1. e4 c6 2. Nc3 d5 3. Nf3 Bg4 4. h3 Bh5 5. exd5 cxd5 6. Be2 Nc6 7. 0-0 Nf6 8. Ne5 Bxe2 9. Nxc6 Bxd1 10. Nxd8 Bxc2 11. Nxb7 e6 12. Na5 Bd6 13. Nb5 Bb8 14. Re1 Kd7 15. Nb3 Bxb3 16. axb3 a6 17. Nc3 Bd6 18. Na4 Rhb8 19. Re3 Rb7 20. d4 Rb4 21. Bd2 Rb5 22. Rc1 Ne4 23. Ba5 Rab8 0-1

[Event "Eastern Asia-ch U14"]
[Site "Tornelo INT"]
[Date "2021.10.30"]
[Round "6"]
[White "Alisherov, Alikhan"]
[Black "Sayak, Roy Chowdhury"]
[Result "1-0"]
[WhiteElo "1343"]
[BlackElo "1010"]
[PlyCount "79"]
[EventDate "2021.10.29"]
[EventType "swiss"]
[EventRounds "9"]
[EventCountry "NET"]
[SourceTitle "EXT 2023"]
[Source "ChessBase"]
[SourceDate "2022.10.05"]
[SourceVersion "1"]
[SourceVersionDate "2022.10.05"]
[SourceQuality "1"]

1. d4 Nf6 2. Nf3 g6 3. c3 Bg7 4. Bf4 d6 5. Nbd2 0-0 6. e4 Re8 7. Bc4 Nbd7 8. Qb3 e6 9. 0-0 Nb6 10. Be2 Nh5 11. Bg5 Nf6 12. e5 h6 13. exf6 Bxf6 14. Bxh6 g5 15. Ne4 g4 16. Nfd2 e5 17. Nxf6+ Qxf6 18. Be3 Be6 19. Qd1 Qg6 20. dxe5 dxe5 21. f3 gxf3 22. Rxf3 Kf8 23. Rg3 Qh7 24. Bc5+ Re7 25. Bxe7+ Kxe7 26. Bg4 Bd5 27. Qe2 Rh8 28. h3 f6 29. Rf1 Bc6 30. Bf5 Qh6 31. Ne4 a6 32. Rg6 Qh4 33. Qg4 Bxe4 34. Bxe4 Nc4 35. Rg7+ Kd6 36. Qd7+ Kc5 37. Qxc7+ Kb5 38. a4+ Kxa4 39. Qxc4+ Ka5 40. Qb4# 1-0